00434nam a2200169Ia 4500003000400000005001700004008004100021020001500062050002400077100002400101245005000125260003500175300003300210440000600243521000700249526000800256OSt20140403110633.0140130s9999 xx 000 0 und d a0590693336 aPZ 7b.B6654Ft 1997 aBourgeois, Paulette cBourgeois, PauletteaFranklin rides a bike / bScholastic,c1997.aNew York : a29 p. :bcol. ill. ;c23 cm. v1 aG2 c370